| 000 | 00646nam a2200205 a 4500 | ||
|---|---|---|---|
| 003 | SISC | ||
| 005 | 20191120143347.0 | ||
| 008 | 021121s19uu xx 00 eng d | ||
| 020 | _a971590386 | ||
| 050 |
_aBV 4225.2 _b.B38 2001 |
||
| 100 | _aBausch, William J. | ||
| 245 |
_aA World of stories for preachers and teachers : _band all who love stories that move and challenge / _cWilliam J. Bausch. |
||
| 260 |
_aPasay City ; _bPaulines, _c2001. |
||
| 300 |
_a302 p. : _c22 cm. |
||
| 650 | _aHomiletical illustrations | ||
| 650 |
_aStroytelling _xreligious aspects _xchristianity |
||
| 942 |
_cBK _2lcc _kLOC |
||
| 999 |
_c19844 _d19844 |
||